Normal view
MARC view
- Anand Vishwanathan
Entry Personal Name
001 - CONTROL NUMBER
- control field: 7584
003 - CONTROL NUMBER IDENTIFIER
- control field: OSt
005 - DATE AND TIME OF LATEST TRANSACTION
- control field: 20221018111415.0
008 - FIXED-LENGTH DATA ELEMENTS
- fixed length control field: 221018|| aca||aabn | a|a d
040 ## - CATALOGING SOURCE
- Original cataloging agency: OSt
- Transcribing agency: OSt
100 ## - HEADING--PERSONAL NAME
- Personal name: Anand Vishwanathan
670 ## - SOURCE DATA FOUND
- Source citation: Work cat.: (OSt)12075: Anand Vishwanathan, Mind Master, 2019